[Event "ch-BEL Experten 2013"]
[Site "Antwerp BEL"]
[Date "2013.07.06"]
[Round "1.2"]
[White "Van der Stricht,G"]
[Black "Claesen,P"]
[Result "1-0"]
[WhiteElo "2369"]
[BlackElo "2335"]

1.d4 d5 2.c4 c6 3.Nf3 Nf6 4.Nc3 dxc4 5.a4 Bf5 6.Ne5 Nbd7 7.Nxc4 Qc7 8.g3 e5
9.dxe5 Nxe5 10.Bf4 Nfd7 11.Bg2 f6 12.O-O O-O-O 13.Nxe5 Nxe5 14.Qb3 Qf7 15.Qxf7 Nxf7
16.Rfc1 Bd6 17.Be3 Kb8 18.Nb5 cxb5 19.axb5 b6 20.Bxb6 Rd7 21.Be3 Re8 22.Bc6 Rxe3
23.fxe3 Re7 24.b6 Be5 25.Bd5 Nd6 26.bxa7+ Rxa7 27.Rxa7 Kxa7 28.Rc7+ Kb6 29.Rxg7 Bxb2
30.Bg8 h5 31.Bh7 Bg4 32.Bd3 Nf5 33.Rxg4 hxg4 34.Bxf5 Kc5 35.Kf2 Kd5 36.Bxg4 Ke5
37.Kf3 Ba3 38.e4 Bf8 39.Bf5 Bc5 40.h4 Bb4 41.e3 Bf8 42.Kg4 Bh6 43.Kh5 Bxe3
44.Kg6  1-0

[Event "e2e4 Sunningdale July Open"]
[Site "Ascot ENG"]
[Date "2013.07.06"]
[Round "2"]
[White "Osborne,M"]
[Black "Moss,Guy"]
[Result "1-0"]
[WhiteElo "2269"]
[BlackElo "2018"]

1.d4 d5 2.Nf3 Nf6 3.c4 c6 4.Nc3 dxc4 5.a4 Bf5 6.Ne5 Nbd7 7.Nxc4 Nb6 8.Ne5 e6
9.a5 Nbd5 10.a6 b5 11.f3 Bd6 12.e4 Nxc3 13.bxc3 Nxe4 14.fxe4 Qh4+ 15.Ke2 Qxe4+
16.Kf2 Bxe5 17.dxe5 Qxe5 18.Qd4 Qxd4+ 19.cxd4 O-O 20.Ba3 Rfd8 21.Ke3 f6 22.Rc1 Rac8
23.Rc5 Rd5 24.Be2 Rxc5 25.Bxc5 Kf7 26.g4 Bc2 27.Ra1 Ba4 28.Bxa7 Ra8 29.Rxa4 bxa4
30.Bc5 Ke8 31.Kd2 Kd7 32.Kc3 Kc7 33.Kb4 Rb8+ 34.Ka5 Rb2 35.Bd6+ Kc8 36.Bc4  1-0

[Event "e2e4 Sunningdale July Open"]
[Site "Ascot ENG"]
[Date "2013.07.06"]
[Round "3"]
[White "Lock,G"]
[Black "Malhotra,Tarun"]
[Result "1/2-1/2"]
[WhiteElo "2190"]
[BlackElo "1998"]

1.d4 d5 2.Nf3 Nf6 3.c4 c6 4.Nc3 dxc4 5.a4 Bf5 6.Ne5 Nbd7 7.Nxc4 Qc7 8.g3 e5
9.dxe5 Nxe5 10.Bf4 Nfd7 11.Bg2 g5 12.Bxe5 Nxe5 13.Qd4 f6 14.O-O-O Rd8 15.Qe3 Be7
16.Rxd8+ Kxd8 17.Rd1+ Kc8 18.Nxe5 Qxe5 19.Qxa7 Ba3 20.Qa8+ Kc7 21.Nb5+ Qxb5
22.axb5 Bxb2+ 23.Kxb2 Rxa8 24.bxc6 bxc6 25.Ra1 Rxa1 26.Kxa1 Kd6 27.Kb2 Bd7
28.Kc3 c5 29.f4 h6 30.e4 Be6 31.Bf3 Bd7 32.Be2 Bc6 33.Bd3 Bb7 34.Kd2 Bc6
35.Kc3 Bb7 36.Kd2  1/2-1/2

[Event "IsBank TCh-TUR 2013"]
[Site "Denizli TUR"]
[Date "2013.07.06"]
[Round "8.8"]
[White "Soylemez,C"]
[Black "Sop,S"]
[Result "1/2-1/2"]
[WhiteElo "1938"]
[BlackElo "2025"]

1.d4 d5 2.c4 c6 3.Nc3 Nf6 4.Nf3 dxc4 5.a4 Bf5 6.Ne5 e6 7.f3 c5 8.e4 Bg6 9.Be3 cxd4
10.Qxd4 Qxd4 11.Bxd4 Nfd7 12.Nxd7 Nxd7 13.Bxc4 a6 14.O-O Rc8 15.b3 Bc5 16.Ne2 Ke7
17.Kh1 Bxd4 18.Nxd4 Rhd8 19.Rfd1 Nb6 20.Bf1 e5 21.Ne2 Rxd1 22.Rxd1 f6 23.Ng3 Rc3
24.Rd3 Rc1 25.Kg1 Nd7 26.Ne2 Ra1 27.Ng3 Nc5 28.Rc3 Kd6 29.Kf2 Ne6 30.Bc4 Nd4
31.Bd5 Ra2+ 32.Kf1 b5 33.axb5 axb5 34.Rc8 Rb2 35.Rc3 Be8 36.Re3 f5 37.Rd3 f4
38.Nf5+ Nxf5 39.exf5 Ke7 40.Be6 g6 41.Rc3 gxf5 42.Bxf5 b4 43.Rc7+ Kf6 44.Bxh7 Bb5+
45.Kg1 Rxb3 46.h4 Ra3 47.Rb7 Ra5 48.Be4  1/2-1/2

[Event "19th JCL Summer Masters 2013"]
[Site "Montpellier FRA"]
[Date "2013.07.06"]
[Round "2.7"]
[White "Touzane,O"]
[Black "Carre,S"]
[Result "0-1"]
[WhiteElo "2314"]
[BlackElo "2129"]

1.d4 d5 2.c4 c6 3.Nc3 Nf6 4.Nf3 dxc4 5.a4 Bf5 6.e3 e6 7.Bxc4 Bb4 8.O-O O-O
9.Qe2 Bg4 10.h3 Bh5 11.e4 Bxf3 12.Qxf3 Qxd4 13.Ba2 Bxc3 14.bxc3 Qxe4 15.Qg3 Nbd7
16.Rb1 Qxa4 17.Bh6 Nh5 18.Qg5 Qxa2 19.Qxh5 Qc2 20.Rxb7 Nf6 21.Qh4 Qe4 22.f4 Qg6
23.Bg5 h6 24.Bxf6 Qxf6 25.Qxf6 gxf6 26.Ra1 a5 27.Kf2 Ra6 28.Ke3 Rd8 29.Ra4 f5
30.g4 fxg4 31.hxg4 Kg7 32.c4 Rd1 33.Ra2 Kf6 34.Rc7 Re1+ 35.Kf3 Rf1+ 36.Ke4 Rg1
37.Kf3 Rb6 38.Rh2 Kg7 39.Rd2 Rb3+ 40.Ke4 Re1+ 41.Kd4 Rf3 42.f5 exf5 43.gxf5 Rf4+
44.Kc5 Rxf5+ 45.Kxc6 a4 46.Ra2 Re6+ 47.Kb7 h5 48.Rxa4 h4 49.c5 h3 50.Ra2 Rh6
51.Rh2 Rg5 52.Rc6 Rhh5 53.Rd6 Rxc5 54.Rd3 Rc4 55.Rg3+ Kh7 56.Rf2 f5 57.Re2 Rg4
58.Re7+ Kg6 59.Rd3 h2 60.Re6+ Kf7 61.Rc6 h1=Q 62.Rd7+ Ke8 63.Rd6 Rh7+ 64.Kc8 Re7
65.Rh6 Qa1 66.Ra6 Rc4+ 67.Kb8 Qe5+ 68.Rhd6 Rd4 69.Kc8 Rxd6 70.Rxd6 Qc5+  0-1

[Event "e2e4 Sunningdale July Open"]
[Site "Ascot ENG"]
[Date "2013.07.07"]
[Round "5"]
[White "Sarakauskas,G"]
[Black "Anderson,J"]
[Result "0-1"]
[WhiteElo "2404"]
[BlackElo "2189"]

1.d4 d5 2.c4 c6 3.Nf3 Nf6 4.Nc3 dxc4 5.a4 Bf5 6.Ne5 e6 7.f3 Bb4 8.e4 Bxe4
9.fxe4 Nxe4 10.Bd2 Qxd4 11.Nxe4 Qxe4+ 12.Qe2 Bxd2+ 13.Kxd2 Qd5+ 14.Kc3 Na6
15.Nxc4 O-O-O 16.Qe3 c5 17.Ne5 Nb4 18.Bc4 b6 19.Bxd5 Nxd5+ 20.Kd2 Nxe3+ 21.Kxe3 Rhf8
22.Nc6 Rd7 23.Rhd1 Rc7 24.Rd6 Rxc6 25.Rxc6+ Kd7 26.Rxc5 bxc5 27.Kd3 Rb8 28.Kc3 Rb4
29.Rf1 Ke7 30.b3 e5 31.a5 a6 32.Rd1 Rd4  0-1

[Event "IsBank TCh-TUR 2013"]
[Site "Denizli TUR"]
[Date "2013.07.07"]
[Round "10.1"]
[White "Nyzhnyk,I"]
[Black "Mirzoev,A"]
[Result "1/2-1/2"]
[WhiteElo "2607"]
[BlackElo "2536"]

1.d4 d5 2.c4 c6 3.Nf3 Nf6 4.Nc3 dxc4 5.a4 Bf5 6.e3 e6 7.Bxc4 Bb4 8.O-O O-O
9.Qe2 Nbd7 10.e4 Bg6 11.Bd3 Bh5 12.e5 Nd5 13.Nxd5 cxd5 14.Qe3 Re8 15.Ng5 Bg6
16.Bxg6 fxg6 17.a5 Rc8 18.a6 Qb6 19.Qf3 Re7 20.Be3 bxa6 21.Rfc1 Rxc1+ 22.Rxc1 Qb7
23.h4 Nf8 24.Qe2 Re8 25.Qc2 h6 26.Nh3 Be7 27.Nf4 g5 28.Nh5 gxh4 29.Qe2 Bg5
30.Qg4 Bxe3 31.fxe3 Re7 32.Rf1 Rf7 33.Rf3 Rxf3 34.gxf3 Qf7 35.Kg2 Ng6 36.Nf4 Nxf4+
37.exf4 Kh7 38.Kh3 a5 39.b3 Kg8 40.Qxh4 Qg6 41.Qg4 Kf7 42.f5 Qxf5 43.Qxf5+ exf5
44.f4 g5 45.Kg3 Kg6 46.Kf3 h5 47.fxg5 Kxg5 48.Kf2 h4 49.Kf3 f4 50.Kf2 h3
51.Kf3 Kf5 52.Kf2 Kg5 53.Kf3 Kf5  1/2-1/2

[Event "IsBank TCh-TUR 2013"]
[Site "Denizli TUR"]
[Date "2013.07.07"]
[Round "10.2"]
[White "Arutinian,D"]
[Black "Gagunashvili,M"]
[Result "1/2-1/2"]
[WhiteElo "2543"]
[BlackElo "2601"]

1.d4 d5 2.c4 c6 3.Nf3 Nf6 4.Nc3 dxc4 5.a4 Bf5 6.Ne5 e6 7.f3 c5 8.e4 cxd4
9.exf5 Bb4 10.Bxc4 dxc3 11.Qxd8+ Kxd8 12.O-O cxb2 13.Bxb2 Ke7 14.Rfb1 a5
15.Ba3 Na6 16.Bxa6 Rxa6 17.Rxb4 axb4 18.Bxb4+ Ke8 19.Rc1 Ra8 20.Rc7 Nd5 21.Rxb7 Nxb4
22.Nxf7 exf5 23.Nxh8 Rxa4 24.Rxg7 Kf8 25.Rxh7 Kg8 26.Rh4 Kg7  1/2-1/2

[Event "31st Greek Team Cup Final 4"]
[Site "Athens GRE"]
[Date "2013.07.09"]
[Round "2.2"]
[White "Banikas,H"]
[Black "Skembris,S"]
[Result "1-0"]
[WhiteElo "2609"]
[BlackElo "2458"]

1.d4 Nf6 2.c4 c6 3.Nc3 d5 4.Nf3 dxc4 5.a4 Bf5 6.e3 c5 7.Bxc4 cxd4 8.Qb3 Bg6
9.exd4 Qb6 10.Bb5+ Nbd7 11.Bf4 e6 12.a5 Qd8 13.O-O Be7 14.d5 exd5 15.Nxd5 O-O
16.Bc7 Qe8 17.Nxf6+ Bxf6 18.Qd5 Qe7 19.Qxd7  1-0

[Event "IsBank TCh-TUR 2013"]
[Site "Denizli TUR"]
[Date "2013.07.09"]
[Round "12.10"]
[White "Abdimanoglu,B"]
[Black "Vatansever,Buse"]
[Result "1-0"]
[WhiteElo "1835"]
[BlackElo "1639"]

1.d4 d5 2.c4 c6 3.Nc3 Nf6 4.Nf3 dxc4 5.a4 Bf5 6.e3 e6 7.Bxc4 Bb4 8.O-O O-O
9.Ne2 Qe7 10.Nh4 Bg6 11.Nf4 Nd5 12.Nhxg6 hxg6 13.Nh3 Nb6 14.Bb3 Rd8 15.a5 Nc8
16.Qg4 Nd7 17.Ng5 Nf8 18.f4 Rd6 19.Qh4 c5 20.Rf3 cxd4 21.Rh3  1-0

[Event "IsBank TCh-TUR 2013"]
[Site "Denizli TUR"]
[Date "2013.07.10"]
[Round "13.6"]
[White "Miyak,B"]
[Black "Guner,S"]
[Result "0-1"]
[WhiteElo "2109"]
[BlackElo "2071"]

1.d4 d5 2.Nf3 Nf6 3.c4 c6 4.Nc3 dxc4 5.a4 Bf5 6.e3 e6 7.Bxc4 Bb4 8.O-O Nbd7
9.Qe2 O-O 10.e4 Bg6 11.e5 Nd5 12.Nxd5 cxd5 13.Bd3 Nb8 14.Bxg6 fxg6 15.Be3 Nc6
16.h4 Qe7 17.g3 Rf5 18.Nh2 Ba5 19.f4 Bb6 20.Nf3 Qb4 21.Rfd1 Rff8 22.Rd3 Rac8
23.b3 Qe7 24.Bc1 Nb4 25.Ba3 a5 26.Rad1 Rc6 27.Bxb4 Qxb4 28.Qd2 Rfc8 29.Qxb4 axb4
30.Kf2 h6 31.R1d2 Rc1 32.Ng1 Rb1 33.Ne2 Ba5 34.Rf3 Rc3 35.Rdd3 Rc2 36.Rde3 Bb6
37.Rd3 Ba7 38.Rfe3 Rbb2 39.Kf3 Bb6 40.Rd1 Rd2 41.Rc1 h5 42.Rf1 Rbc2 43.a5 Bxd4
44.Nxd4 Rxd4 45.Ra1 Rdd2 46.Ree1 Rc3+ 47.Re3 d4 48.Rxc3 bxc3 49.Ra4 c2 50.Rc4 d3
51.Ke3 Rd1 52.b4 c1=Q+ 53.Rxc1 Rxc1 54.Kxd3 Kf7 55.Kd2 Rc4  0-1

[Event "Styrian Open A 2013"]
[Site "Bad Gleichenberg AUT"]
[Date "2013.07.11"]
[Round "6.21"]
[White "Gstach,Jakob"]
[Black "Schweitzer,W"]
[Result "1-0"]
[WhiteElo "2140"]
[BlackElo "2049"]

1.d4 c6 2.c4 d5 3.Nf3 Nf6 4.Nc3 dxc4 5.a4 Bf5 6.Ne5 Nbd7 7.Nxc4 Qc7 8.g3 e5
9.dxe5 Nxe5 10.Bf4 Nfd7 11.Bg2 g5 12.Bxe5 Nxe5 13.Qd4 f6 14.O-O-O Be7 15.Ne3 Be6
16.f4 gxf4 17.gxf4 Nd7 18.Qe4 Nc5 19.Qf3 Nd7 20.Bh3 Bxh3 21.Qh5+ Kf8 22.Qh6+ Kf7
23.Qh5+ Kf8 24.Qxh3 Rd8 25.Qh6+ Kf7 26.Rhg1 Rdg8 27.Nf5 Bf8 28.Qh5+ Rg6 29.e3  1-0

[Event "3rd SPAChess Open"]
[Site "Amsterdam NED"]
[Date "2013.07.12"]
[Round "7.3"]
[White "Goudriaan,E"]
[Black "Riemersma,L"]
[Result "1-0"]
[WhiteElo "2369"]
[BlackElo "2438"]

1.d4 d5 2.c4 c6 3.Nf3 Nf6 4.Nc3 dxc4 5.a4 Bf5 6.Ne5 Nbd7 7.Nxc4 Nb6 8.Ne5 a5
9.f3 Nfd7 10.e4 Nxe5 11.exf5 Ned7 12.d5 g6 13.dxc6 bxc6 14.Qd4 Nf6 15.Qc5 Bg7
16.Qxc6+ Nbd7 17.Bf4 Rc8 18.Qb7 Nh5 19.Rd1 O-O 20.Rxd7 Qe8 21.Bd2 Rb8 22.Qc6 Rxb2
23.Bb5 Qb8 24.Nd1 Nf6 25.Nxb2 Nxd7 26.Nd1 Ne5 27.Qe4 Rd8 28.Be3 gxf5 29.Qxf5 Nc4
30.O-O Nxe3 31.Nxe3 Qb6 32.Re1 Bd4 33.Qg5+ Kf8 34.Kf1 h6 35.Qf4 e5 36.Qe4 Qe6
37.Bc4 Qc8 38.Qh7  1-0

[Event "EY Girls Teams 2013"]
[Site "Maribor SLO"]
[Date "2013.07.12"]
[Round "7"]
[White "Obolentseva,Alexandra"]
[Black "Varga,Me"]
[Result "0-1"]
[WhiteElo "1994"]
[BlackElo "2216"]

1.d4 d5 2.c4 c6 3.Nf3 Nf6 4.Nc3 dxc4 5.a4 Bf5 6.e3 e6 7.Bxc4 Bb4 8.O-O O-O
9.Qb3 Qb6 10.Nh4 Nbd7 11.Ne2 Be4 12.Rd1 a5 13.Bd2 Bxd2 14.Rxd2 Bd5 15.Bxd5 exd5
16.Qxb6 Nxb6 17.Nf3 Nfd7 18.Rc2 Rfc8 19.b3 Nb8 20.Ne1 Na6 21.Nd3 Nd7 22.Rac1 f6
23.Kf1 Kf7 24.Nc5 Ndxc5 25.dxc5 Nb4 26.Rd2 Rab8 27.Nd4 g6 28.g3 f5 29.Kg2 Kf6
30.Rc3 Ke7 31.h3 Rf8 32.Rc1 Kd7 33.f3 Rbe8 34.Kf2 Kc7 35.Nc2 Nxc2 36.Rdxc2 Rb8
37.b4 axb4 38.Rb1 b6 39.Rxb4 bxc5 40.Rh4 Rf7 41.Rxc5 Rb2+ 42.Kf1 Kd6 43.Rc3 c5
44.Ra3 Rfb7 45.Ra1 c4 46.Rc1 Kc5 47.Rd4 Rb1 48.Rdd1 Rxc1 49.Rxc1 Ra7 50.Ke2 Rxa4
51.Rc2 Ra3 52.g4 Kb4 53.gxf5 gxf5 54.Rd2 Ra5 55.Rc2 Kb3 56.Kd2 Ra1 57.Rc3+ Kb4
58.Rc2 Ra3 59.Rb2+ Rb3 60.Ra2 Rd3+ 61.Ke2 Ra3 62.Rb2+ Rb3 63.Rd2 Kc5 64.Ra2 d4
65.exd4+ Kxd4 66.Rd2+ Rd3 67.Rc2 Re3+ 68.Kf2 c3 69.Rc1 f4  0-1

[Event "7th LCT 2013"]
[Site "Leiden NED"]
[Date "2013.07.13"]
[Round "2.21"]
[White "Thakoerdien,Jerrel"]
[Black "Van der Togt,Twan"]
[Result "1/2-1/2"]
[WhiteElo "2083"]
[BlackElo "1880"]

1.d4 d5 2.Nf3 Nf6 3.c4 c6 4.Nc3 dxc4 5.a4 Bf5 6.e3 e6 7.Bxc4 Bb4 8.O-O O-O
9.Qe2 Bg4 10.h3 Bh5 11.Rd1 Nbd7 12.e4 Qe7 13.e5 Nd5 14.Ne4 f6 15.exf6 N7xf6
16.Bg5 Qf7 17.Bxf6 gxf6 18.a5 Rae8 19.a6 b5 20.Bb3 Kh8 21.Rac1 Rg8 22.Ng3 Bd6
23.Ne5 Qg7 24.Qxh5 fxe5 25.Rxc6 Nf4 26.Qf3 e4 27.Qe3 Nxh3+ 28.gxh3 Bxg3 29.fxg3 Qxg3+
30.Qxg3 Rxg3+ 31.Kf2 Rxb3 32.Rg1 Rxb2+ 33.Ke3 Ra2 34.Kxe4 b4 35.Rc7 Rxa6
36.Rgg7 b3 37.Rxh7+ Kg8 38.Rcg7+ Kf8  1/2-1/2

[Event "ch-BEL Experten 2013"]
[Site "Antwerp BEL"]
[Date "2013.07.14"]
[Round "9.2"]
[White "Docx,S"]
[Black "Hautot,S"]
[Result "1-0"]
[WhiteElo "2488"]
[BlackElo "2366"]

1.d4 d5 2.c4 c6 3.Nf3 Nf6 4.Nc3 dxc4 5.a4 Bf5 6.Ne5 Nbd7 7.Nxc4 Nb6 8.Ne5 a5
9.f3 Nfd7 10.e4 Nxe5 11.exf5 Nec4 12.Qb3 Nd6 13.g4 g6 14.Bf4 Bg7 15.O-O-O O-O
16.fxg6 hxg6 17.h4 Rc8 18.h5 Nd5 19.Bg5 Bf6 20.Bxf6 exf6 21.hxg6 fxg6 22.Nxd5 cxd5+
23.Kb1 Nc4 24.Bxc4 Rxc4 25.Qxb7 Rc7 26.Qa6 Qd7 27.Rh2 Qc6 28.Qd3 Rg7 29.Rh6 Kf7
30.Rc1 Qb7 31.Rc5 Rc8 32.Rh2 Kg8 33.Qb5 Rb8 34.Qxb7 Rgxb7 35.Rxd5 Rb4 36.Rxa5 Rxd4
37.Ra7 Rb3 38.Rc2 Rd8 39.Rc3 Rxc3 40.bxc3 Rd3 41.Rc7 Rd6 42.Kc2 Kf8 43.Kb3 Ke8
44.a5 Kd8 45.Rf7 Ke8 46.Rh7 Kd8 47.Kb4 Kc8 48.Rf7  1-0

[Event "Corporation Cup 2013"]
[Site "Izhevsk RUS"]
[Date "2013.07.16"]
[Round "5.7"]
[White "Shariyazdanov,A"]
[Black "Kozionov,Kirill"]
[Result "1/2-1/2"]
[WhiteElo "2584"]
[BlackElo "2333"]

1.d4 d5 2.c4 c6 3.Nc3 dxc4 4.Nf3 Nf6 5.a4 Bf5 6.e3 e6 7.Bxc4 Bb4 8.Qb3 a5
9.O-O Nbd7 10.Na2 Be7 11.Nh4 Bg4 12.f3 Bh5 13.g3 Nd5 14.Ng2 Qb6 15.Qxb6 N5xb6
16.Bb3 e5 17.Nc3 Rd8 18.g4 Bg6 19.h3 exd4 20.exd4 Nf6 21.Re1 Rd7 22.Nf4 O-O
23.h4 Nfd5 24.h5 Nxf4 25.Bxf4 Bd3 26.Rxe7 Rxe7 27.Bd6 Rd7 28.Bxf8 Kxf8 29.Rd1 Bc4
30.Bxc4 Nxc4 31.b3 Ne3 32.Rd2 Nd5 33.Ne4 f6 34.Kf2 g6 35.hxg6 hxg6 36.Kg3 Kg7
37.Rc2 f5 38.gxf5 gxf5 39.Nc5 Re7 40.Kf2 Nf4 41.Kg3 Ne2+ 42.Kf2 Nf4 43.Kg3 Ne2+  1/2-1/2

[Event "17th Battle of Senta"]
[Site "Senta SRB"]
[Date "2013.07.16"]
[Round "5.9"]
[White "Pregarac,V"]
[Black "Radusinovic,L"]
[Result "0-1"]
[WhiteElo "2136"]
[BlackElo "2310"]

1.d4 d5 2.c4 c6 3.Nf3 Nf6 4.Nc3 dxc4 5.a4 Bf5 6.e3 e6 7.Bxc4 Bd6 8.O-O O-O
9.Qe2 Bg4 10.Rd1 Nbd7 11.h3 Bxf3 12.Qxf3 e5 13.Bb3 Qe7 14.Bd2 Bc7 15.g3 Rfe8
16.a5 a6 17.Na4 Rad8 18.Rac1 Bb8 19.Nc5 exd4 20.exd4 Nxc5 21.dxc5 Qe4 22.Qxe4 Nxe4
23.Bb4 Ba7 24.Rxd8 Rxd8 25.Re1 Nxc5 26.Bc4 Ne6 27.Bxe6 fxe6 28.Rxe6 Rd7 29.Kg2 Bd4
30.Re2 Bf6 31.f4 Kf7 32.Bc5 Rd3 33.b4 h5 34.h4 Kg6 35.Be7 Bc3 36.Bc5 Bf6
37.Be7 Bd4 38.Bd6 Be3 39.Bc7 Bd2 40.Re4 Bc3 41.Be5 Kf5 42.Rc4 Bxe5 43.fxe5 Kxe5
44.Rc5+ Rd5 45.Rc4 g6 46.Kf3 Rd3+ 47.Kf2 Rd4 48.Rc5+ Ke6  0-1

[Event "Corporation Cup 2013"]
[Site "Izhevsk RUS"]
[Date "2013.07.17"]
[Round "6.1"]
[White "Ponkratov,P"]
[Black "Kharchenko,B"]
[Result "1-0"]
[WhiteElo "2605"]
[BlackElo "2506"]

1.d4 d5 2.c4 c6 3.Nf3 Nf6 4.Nc3 dxc4 5.a4 Bf5 6.Ne5 Nbd7 7.Nxc4 Qc7 8.g3 e5
9.dxe5 Nxe5 10.Bf4 Nfd7 11.Bg2 f6 12.O-O Be6 13.Nxe5 fxe5 14.Bg5 h6 15.Be3 Bc5
16.Qc2 O-O-O 17.Bxc5 Nxc5 18.b4 Nb3 19.Ra3 Rd2 20.Qb1 Nd4 21.e3 Nc2 22.Rb3 Bxb3
23.Qxb3 Rhd8 24.Ne4 R8d3 25.Qe6+ Kb8 26.Nxd2 Rxd2 27.Qb3 Qe7 28.b5 c5 29.Qc3 Qd6
30.Qc4 Qe7 31.a5 Nb4 32.Be4 Rd8 33.Rc1 Rc8 34.Kg2 Qd6 35.Bf3 Qd3 36.Qe6 Qxb5
37.Qxe5+ Ka8 38.Qf5 Kb8 39.Bg4 Qc6+ 40.Kh3  1-0

[Event "Lueneburg Open 2013"]
[Site "Lueneburg GER"]
[Date "2013.07.17"]
[Round "3.13"]
[White "Ditmas,H"]
[Black "Ramme,C"]
[Result "1/2-1/2"]
[WhiteElo "2019"]
[BlackElo "2135"]

1.d4 d5 2.c4 c6 3.Nf3 Nf6 4.Nc3 dxc4 5.a4 Bf5 6.Ne5 Nbd7 7.Nxc4 Qc7 8.g3 e5
9.dxe5 Nxe5 10.Bf4 Nfd7 11.Bg2 f6 12.O-O Be6 13.Nxe5 Nxe5 14.Qc2 Bd6 15.Ne4 Rd8
16.Nxd6+ Rxd6 17.Rfd1 Kf7 18.Rxd6 Qxd6 19.Rd1 Qb4 20.Bxe5 fxe5 21.h4 g6 22.Rd2 Re8
23.Qc3 a5 24.Qxb4 axb4 25.Rd3 Ra8 26.b3 Re8 27.Be4 Re7 28.Kf1  1/2-1/2

[Event "Czech Open G1 Rapid 2013"]
[Site "Pardubice CZE"]
[Date "2013.07.18"]
[Round "4.49"]
[White "Ovchinnikov,Vsevolod"]
[Black "Ageichenko,G"]
[Result "0-1"]
[WhiteElo "2027"]
[BlackElo "2298"]

1.d4 d5 2.c4 c6 3.Nf3 Nf6 4.Nc3 dxc4 5.a4 Bf5 6.Ne5 Nbd7 7.Nxc4 Qc7 8.g3 e5
9.dxe5 Nxe5 10.Bf4 Rd8 11.Qc1 Bd6 12.Nxd6+ Qxd6 13.Bg2 O-O 14.O-O Rfe8 15.Rd1 Qe6
16.Rxd8 Rxd8 17.Qe3 Ng6 18.Qxe6 Bxe6 19.Be3 a6 20.f4 Bb3 21.Bf3 Ne7 22.Kf2 h5
23.Bc5 Nf5 24.Ne4 Ng4+ 25.Bxg4 hxg4 26.Bb6 Re8 27.Nd2 Bc2 28.a5 Nd6 29.Rc1 Ba4
30.e3 Bb5 31.Bc5 Ne4+ 32.Nxe4 Rxe4 33.Bd4 f6 34.Rc5 Kf7 35.Kg2 Re8 36.h3 gxh3+
37.Kxh3 Rh8+ 38.Kg2 Bd3 39.Kf3 f5 40.Re5 Rh2 41.g4 Be4+ 42.Rxe4 fxe4+ 43.Kxe4 g6
44.f5 g5 45.b4 Rh3 46.Be5 Rh1 47.Bd4 Rg1 48.Kf3 Rb1 49.Bc5 Rc1 50.e4 Rc3+
51.Be3 Kf6 52.Kf2 Ke5 53.Bxg5 Kxe4 54.Bd2 Rd3 55.Be1 Kf4 56.f6 Kxg4 57.Ke2 Rf3
58.Bf2 Rxf6 59.Bc5 Rf3 60.Bd4 Rb3 61.Bc5 Kf4 62.Kd2 Ke4 63.Kc2 Rh3 64.Kd2 Kd5
65.Kc2 Kc4 66.Kd2 Rb3 67.Kc2 Rxb4 68.Bxb4 Kxb4 69.Kd3 Kxa5 70.Kc4 b5+  0-1

[Event "7th LCT 2013"]
[Site "Leiden NED"]
[Date "2013.07.19"]
[Round "6.9"]
[White "Wiersma,E"]
[Black "Partenheimer,A"]
[Result "1/2-1/2"]
[WhiteElo "2374"]
[BlackElo "2157"]

1.d4 d5 2.c4 c6 3.Nf3 Nf6 4.Nc3 dxc4 5.a4 Bf5 6.Ne5 e6 7.f3 Bb4 8.Nxc4 O-O
9.Kf2 c5 10.Na2 Nc6 11.Nxb4 Nxb4 12.e4 Bg6 13.Be3 cxd4 14.Bxd4 Nc6 15.Bc3 Qe7
16.Qd6 Rfd8 17.Qxe7 Nxe7 18.Be2 Rac8 19.Rhd1 Ne8 20.Na5 b6 21.Nb7 Rxd1 22.Rxd1 f6
23.Nd8 Bf7 24.Bb4 Rc7 25.Bb5 e5 26.Nxf7 Kxf7 27.Rd8 Nc6 28.Bxc6 Rxc6 29.Rd7+ Kg6
30.Rxa7 Rc2+ 31.Kg3 Rxb2 32.Bf8 Rc2 33.Re7 Rc8 34.Rb7 Rc6 35.Re7 Rc8 36.f4 exf4+
37.Kxf4 h5 38.Rb7 Rc6  1/2-1/2

[Event "ch-AUT 2013"]
[Site "Feldkirch AUT"]
[Date "2013.07.20"]
[Round "1.17"]
[White "Schmidlechner,A"]
[Black "Mostbauer,Florian"]
[Result "1/2-1/2"]
[WhiteElo "2267"]
[BlackElo "2019"]

1.d4 d5 2.c4 c6 3.Nf3 Nf6 4.Nc3 dxc4 5.a4 Bf5 6.e3 e6 7.Bxc4 Bb4 8.O-O O-O
9.Qe2 Ne4 10.Nxe4 Bxe4 11.Rd1 Nd7 12.Ne1 Qe7 13.f3 Bd5 14.Bd3 e5 15.Nc2 Bd6
16.e4 Bb3 17.Be3 exd4 18.Bxd4 Ne5 19.Rd2 c5 20.Bxe5 Bxe5 21.Ne3 Bf4 22.Bc2 Qg5
23.Re1 Be6 24.Rdd1 Qe5 25.g3 Bxe3+ 26.Qxe3 Qxb2 27.Rd2 Rad8 28.Red1 Rxd2
29.Rxd2 c4 30.Bd1 Qc1 31.Qd4 h6 32.Kg2 b6  1/2-1/2

[Event "36th Taminco Open"]
[Site "Ghent BEL"]
[Date "2013.07.21"]
[Round "4.3"]
[White "Ikonnikov,Vy"]
[Black "Cordts,I"]
[Result "1-0"]
[WhiteElo "2548"]
[BlackElo "2296"]

1.d4 d5 2.Nf3 Nf6 3.c4 c6 4.Nc3 dxc4 5.a4 Bf5 6.e3 e6 7.Bxc4 Bb4 8.O-O O-O
9.Qe2 Bg6 10.Ne5 Nbd7 11.Nxg6 hxg6 12.Rd1 Qa5 13.Qc2 Rad8 14.Be2 e5 15.Na2 Be7
16.b4 Qc7 17.Bb2 exd4 18.Bxd4 Bd6 19.g3 a5 20.bxa5 Qxa5 21.Rab1 Qa8 22.Rb2 Be5
23.Rdb1 Rb8 24.Bxe5 Nxe5 25.Nc3 Qa7 26.Ne4 Nxe4 27.Qxe4 Rfe8 28.Qd4 c5 29.Qd6 Rbd8
30.Qb6 Qxa4 31.Qxc5 Qc6 32.Qxc6 bxc6 33.h4 Kf8 34.Rc2 Rd6 35.Rb3 Nd7 36.Rbc3 Nb8
37.Kg2 Ke7 38.g4 Kd7 39.Rb3 Ke7 40.g5 f5 41.Rcb2 Nd7 42.Rb7 Ra8 43.f4 Ra4
44.Kf2 Re6 45.Rd2 Rd6 46.Rc2 Kd8 47.Bf3 Ra6 48.Ke2 Kc8 49.Rbb2 Kc7 50.Ra2 Rxa2
51.Rxa2 Re6 52.Ra8 Kd6 53.Rg8 Nb6 54.Rxg7 Nd5 55.Bxd5 Kxd5 56.Rd7+ Kc4 57.Rf7 Kd5
58.h5 gxh5 59.Rxf5+ Kd6 60.Rf6  1-0

[Event "28th Avoine Open"]
[Site "Avoine FRA"]
[Date "2013.07.22"]
[Round "3.3"]
[White "Lagarde,Max"]
[Black "Frick,C"]
[Result "1-0"]
[WhiteElo "2526"]
[BlackElo "2232"]

1.d4 d5 2.c4 c6 3.Nc3 Nf6 4.Nf3 dxc4 5.a4 Bf5 6.Nh4 e6 7.Nxf5 exf5 8.e3 Bb4
9.Bxc4 O-O 10.O-O Nbd7 11.Qc2 g6 12.f3 a5 13.Kh1 Qe7 14.e4 fxe4 15.fxe4 Bxc3
16.bxc3 Qxe4 17.Qb3 b5 18.axb5 a4 19.Qa2 Nd5 20.Bd2 N7b6 21.Rae1 Qh4 22.bxc6 Nxc4
23.Qxc4 Nc7 24.Bf4 Ne6 25.Bg3 Qg4 26.Qa2 h5 27.d5 Ng7 28.d6 Nf5 29.Be5  1-0

[Event "ch-AUT 2013"]
[Site "Feldkirch AUT"]
[Date "2013.07.22"]
[Round "3.24"]
[White "Gutmann,A"]
[Black "Higatsberger,M"]
[Result "1/2-1/2"]
[WhiteElo "2065"]
[BlackElo "2186"]

1.d4 d5 2.c4 c6 3.Nf3 Nf6 4.Nc3 dxc4 5.a4 Bf5 6.e3 e6 7.Bxc4 Bb4 8.O-O O-O
9.Ne5 Nbd7 10.Nd3 Bxd3 11.Bxd3 e5 12.Qb3 Qe7 13.Rd1 a5 14.Bf1 e4 15.f3 Rad8
16.Qc2 Rfe8 17.Nxe4 Nxe4 18.fxe4 Qxe4 19.Bd3 Qh4 20.g3 Qh5 21.Be2 Qh3 22.Bf1 Qg4
23.Be2 Qg6 24.Bd3 Qh5 25.Be2 Qg6 26.Bd3 Qh5 27.Be2  1/2-1/2

[Event "31st Andorra Open"]
[Site "La Massana AND"]
[Date "2013.07.22"]
[Round "3.8"]
[White "Devereaux,M"]
[Black "Alonso Rosell,A"]
[Result "1/2-1/2"]
[WhiteElo "2356"]
[BlackElo "2550"]

1.d4 d5 2.c4 c6 3.Nf3 Nf6 4.Nc3 dxc4 5.a4 Bf5 6.e3 e6 7.Bxc4 Bb4 8.O-O Nbd7
9.Qe2 Bg6 10.e4 O-O 11.e5 Nd5 12.Nxd5 cxd5 13.Bd3 Bh5 14.Qe3 Be7 15.Ng5 Bxg5
16.Qxg5 Qxg5 17.Bxg5 Nb8 18.Bd2 Nc6 19.Bc3 Bg6 20.Be2 a5 21.Rfc1 Rfc8 22.Kf1 Rc7
23.Ke1 Rac8 24.Kd1 f6 25.exf6 gxf6 26.Bg4 Kf7 27.Kd2 h5 28.Bf3 b6 29.h4 Ne7
30.g3 Nf5 31.Kd1 Nd6 32.Be2 Nf5 33.Ba6 Ra8 34.Be2 Rac8 35.Ba6 Ra8 36.Be2  1/2-1/2

[Event "Lueneburg GM 2013"]
[Site "Lueneburg GER"]
[Date "2013.07.22"]
[Round "8.4"]
[White "Inkiov,V"]
[Black "Colpe,M"]
[Result "0-1"]
[WhiteElo "2440"]
[BlackElo "2311"]

1.d4 d5 2.c4 c6 3.Nf3 Nf6 4.Nc3 dxc4 5.a4 Bf5 6.Nh4 e6 7.Nxf5 exf5 8.e3 Bb4
9.Bxc4 O-O 10.O-O Nbd7 11.Qb3 a5 12.Na2 Bd6 13.Qxb7 Bxh2+ 14.Kxh2 Ng4+ 15.Kg1 Qh4
16.Qc7 Nde5 17.Qxe5 Nxe5 18.g3 Qg4 19.dxe5 Qxc4 20.Bd2 Qxa4 21.Bc3 Qb5 22.Rfc1 c5
23.Re1 Rfd8 24.Nc1 a4 25.Ne2 Ra6 26.Nf4 Qb3 27.e6 fxe6 28.Be5 c4 29.Rac1 Qb5
30.Bc3 e5 31.Ng2 Rad6 32.e4 f4 33.gxf4 exf4 34.e5 Rg6 35.Kf1 Qd5  0-1

[Event "ch-AUT 2013"]
[Site "Feldkirch AUT"]
[Date "2013.07.24"]
[Round "5.2"]
[White "Handler,L"]
[Black "Baumegger,S"]
[Result "0-1"]
[WhiteElo "2403"]
[BlackElo "2473"]

1.Nf3 d5 2.d4 Nf6 3.c4 c6 4.Nc3 dxc4 5.a4 Bf5 6.e3 e6 7.Bxc4 Bb4 8.O-O O-O
9.Qe2 Bg4 10.h3 Bh5 11.Rd1 Nbd7 12.e4 Qe7 13.Na2 Ba5 14.b4 Bc7 15.Bg5 h6
16.Bh4 e5 17.d5 g5 18.dxc6 bxc6 19.Bg3 Bb6 20.h4 Bg4 21.hxg5 hxg5 22.Bh2 Nh5
23.Qc2 Bxf3 24.gxf3 Rfd8 25.Bb3 Qf6 26.Rd3 Nf8 27.Rad1 Bd4 28.Kh1 Ng6 29.Rg1 Kg7
30.Nc1 Rh8 31.Rg4 Nhf4 32.Rd1 Rh3 33.Kg1 Rah8 34.Bxf4 Rh1+ 35.Kg2 Nxf4+  0-1

[Event "Maccabiah IM2 2013"]
[Site "Jerusalem ISR"]
[Date "2013.07.24"]
[Round "5.1"]
[White "Gurbanov,A"]
[Black "Reshef,O"]
[Result "0-1"]
[WhiteElo "2270"]
[BlackElo "2235"]

1.d4 d5 2.c4 c6 3.Nf3 Nf6 4.Nc3 dxc4 5.a4 Bf5 6.Ne5 Nbd7 7.Nxc4 Qc7 8.g3 e5
9.dxe5 Nxe5 10.Bf4 Nfd7 11.Bg2 g5 12.Ne3 gxf4 13.Nxf5 O-O-O 14.Qc2 Nc5 15.O-O fxg3
16.hxg3 h5 17.b4 Ne6 18.b5 h4 19.bxc6 bxc6 20.Nxh4 Rxh4 21.gxh4 Bc5 22.Qf5 Rg8
23.Qh3 Rg4 24.e3 f5 25.a5 Qh7 26.Ra4 Ng5 27.Qxg4 Nxg4 28.Rxg4 fxg4 29.hxg5 g3
30.Rc1 gxf2+ 31.Kxf2 Qd3 32.Bh3+ Kc7  0-1